Modelovanie ekonomických veličín
Modelovanie ekonomických veličín, s cieľom získavania predikcie daných veličín v čase. Jedná sa hlavne o hodnoty kurzov slovenskej koruny, ale môže ísť aj o ceny akcií a podobné údaje, ktoré boli získané z internetových stránok. Pri modelovaní bol použitý model intervalovej linearizácie, ktorý posky...
Gespeichert in:
| 1. Verfasser: | |
|---|---|
| Weitere Verfasser: | |
| Format: | Buchkapitel |
| Sprache: | Slowakisch |
| Schlagworte: | |
| Tags: |
Keine Tags, Fügen Sie das erste Tag hinzu!
|
MARC
| LEADER | 00000naa$a2200000$$$4500 | ||
|---|---|---|---|
| 001 | 0042613 | ||
| 005 | 20240502071516.7 | ||
| 041 | 0 | |a slo | |
| 044 | |a SK | ||
| 245 | 1 | 0 | |a Modelovanie ekonomických veličín |c Jaroslav Kultan, Ľubomír Turňa |
| 520 | |a Modelovanie ekonomických veličín, s cieľom získavania predikcie daných veličín v čase. Jedná sa hlavne o hodnoty kurzov slovenskej koruny, ale môže ísť aj o ceny akcií a podobné údaje, ktoré boli získané z internetových stránok. Pri modelovaní bol použitý model intervalovej linearizácie, ktorý poskytoval výborné výsledky pri modelovaní rozličných technických a biologických objektov. | ||
| 610 | 2 | 0 | |a rady časové |
| 610 | 2 | 0 | |a modelovanie lineárne |
| 610 | 2 | 0 | |a ukazovatele ekonomické |
| 610 | 2 | 0 | |a korelácia |
| 610 | 2 | 0 | |a kurzy |
| 610 | 2 | 0 | |a koruna |
| 610 | 2 | 0 | |a ceny |
| 100 | 1 | |a Kultan, Jaroslav, 1960- | |
| 700 | 1 | |a Turňa, Ľubomír | |